000 00834nam a22002297a 4500
003 OSt
005 20260609153222.0
008 260609b |||||||| |||| 00| 0 eng d
020 _a032500532X
040 _cChuka University Library
050 _aLB 1529 .C3 2003
100 _aCalkins Lucy
_927666
245 _aNonfiction Writing: Procedures and Reports
260 _aPortsmouth
_bFirsthand
_c2003
300 _aVarious Pagings
_bIllustrated
650 _aEnglish Language-Composition and Exercises-Study and Teaching (Primary)--United States
_927754
650 _aReport writing-Study and Teaching (Primary)-United States
_928042
650 _aFeature Writing-Study and Teaching (Primary)--United States
_928043
650 _aCurriculum Planning-United States
_926921
700 _aPessah Laurie
_928044
942 _2lcc
_cBK
_n0
999 _c23707
_d23707